| 000 | 00673cab a2200205 4500 | ||
|---|---|---|---|
| 001 | ABS44908 | ||
| 008 | 090401t1991 xxu||||| |||| 00| 0 eng d | ||
| 035 | _a(Sirsi) u49832 | ||
| 041 | _aeng | ||
| 245 | _aMaking inroads | ||
| 260 | _c1991 | ||
| 350 | _a0 | ||
| 490 |
_aNew Civil Engineer _v(953) 4 July 1991, 16-21(6) |
||
| 520 | _aLooks at the developing transport infrastructure in London Docklands . Refers to the roadbuilding programme under construction and the impact of Docklands Light Railway on the area. Photographs. | ||
| 650 | _aCANARY WHARF | ||
| 650 | _aISLE OF DOGS | ||
| 690 | _aTRANSPORT AND COMMUNICATIONS | ||
| 942 | _n0 | ||
| 948 | _c04/03/1997 | ||
| 999 |
_c31205 _d31205 |
||